Central Library OPAC University of Rajshahi

প্রাচীন ও মধ্যযুগের বাংলা সাহিত্যে সাধারণ মানুষ / (Record no. 40921)

MARC details
000 -LEADER
fixed length control field 00879nam a2200217 a 4500
001 - CONTROL NUMBER
control field 40921
003 - CONTROL NUMBER IDENTIFIER
rucl marc code BD-RjUL
005 - DATE AND TIME OF LATEST TRANSACTION
control field 20211209053310.0
008 - FIXED-LENGTH DATA ELEMENTS--GENERAL INFORMATION
fixed length control field 160512s1971 ii a|||| |||| 001 0 ben d
035 ## - SYSTEM CONTROL NUMBER
System control number (BD-RjUL)41037
040 ## - CATALOGING SOURCE
Original cataloging agency BD-RjUL
Language of cataloging ben
Transcribing agency BD-RjUL
041 ## - LANGUAGE CODE
Language code of text/sound track or separate title ben
082 ## - DEWEY DECIMAL CLASSIFICATION NUMBER
Edition number 23
Classification number 891.4409
Author mark and year SEP 1971
100 ## - MAIN ENTRY--PERSONAL NAME
Personal name সেন, উমা
9 (RLIN) 118277
245 10 - TITLE STATEMENT
Title প্রাচীন ও মধ্যযুগের বাংলা সাহিত্যে সাধারণ মানুষ /
Statement of responsibility, etc. উমা সেন
260 ## - PUBLICATION, DISTRIBUTION, ETC. (IMPRINT)
Place of publication, distribution, etc. কলিকাতা :
Name of publisher, distributor, etc. জিজ্ঞাসা,
Date of publication, distribution, etc. ১৯৭১
300 ## - PHYSICAL DESCRIPTION
Pagination [২৪], ২৪৬ পৃ. ;
Size ২১ সেমি.
650 ## - SUBJECT ADDED ENTRY--TOPICAL TERM
Topical term or geographic name as entry element বাংলা সাহিত্য
General subdivision ইতিহাস ও সমালোচনা
9 (RLIN) 118060
Topical term or geographic name as entry element Bengali Literature
General subdivision History & Criticism
9 (RLIN) 120485
942 ## - ADDED ENTRY ELEMENTS (KOHA)
Source of classification or shelving scheme Dewey Decimal Classification
Koha item type Books
Holdings
Lost status Source of classification or shelving scheme Damaged status Not for loan Collection code Permanent Location Current Location Shelving location Date acquired Total Checkouts Full call number Date last seen Copy number Koha item type Source of acquisition Cost, normal purchase price Date checked out
  Dewey Decimal Classification     Non-fiction Central Library, University of Rajshahi Central Library, University of Rajshahi   07/03/1984   B 891.4409 SEP 1971 12/05/2016 C-2 Books      
  Dewey Decimal Classification     Non-fiction Central Library, University of Rajshahi Central Library, University of Rajshahi   22/11/1979 2 B 891.4409 SEP 1971 28/03/2024 C-3 Books India Int. Calcutta 12.00 20/03/2024
  Dewey Decimal Classification     Non-fiction Central Library, University of Rajshahi Central Library, University of Rajshahi   22/11/1979   B 891.4409 SEP 1971 27/09/2016 C-4 Books India Int. Calcutta 12.00